000 00576nam a2200205 4500
003 OSt
005 20240615030751.0
006 a
008 240615b |||||||| |||| 00| 0 eng d
020 _a9780240814179
040 _aDWCL-Main lib.
_cOC
082 _aCirc. 771 B414r 2011
100 _aBeene, Carrie
245 _aReal retouching : a professional step-by-step guide /
260 _aU.K. :
_bElsevier,
_cc2011.
300 _axx,
_b198 p. : col. ill. ;
_c24 cm.
650 _a1. Photography–Retouching.
700 _aCarrie Beene
942 _2ddc
_n0
_cBK-CIRC
_kCirc.
999 _c764
_d764